书目信息 |
| 题名: |
电子商务案例分析
|
|
| 作者: | 李洪心 , 刘继山 编著 | |
| 分册: | ||
| 出版信息: | 大连 东北财经大学出版社 2017.03 |
|
| 页数: | 329页 | |
| 开本: | 23cm | |
| 丛书名: | ||
| 单 册: | ||
| 中图分类: | F713.36 | |
| 科图分类: | ||
| 主题词: | 电子商务--案例--高等学校--教材 , 电子商务 | |
| 电子资源: | ||
| ISBN: | 978-7-5654-2660-5 | |
| 000 | 01163nam0 2200277 450 | |
| 001 | 1088 | |
| 005 | 20180929082932.64 | |
| 010 | @a978-7-5654-2660-5@dCNY42.00 | |
| 100 | @a20170905d2017 em y0chiy50 ea | |
| 101 | 0 | @achi |
| 102 | @aCN@b210000 | |
| 105 | @ay z 000yy | |
| 200 | 1 | @a电子商务案例分析@9dian zi shang wu an li fen xi@dE-Commerce case analysis@f李洪心,刘继山等编著@Fli hong xin,liu ji shan deng bian zhu@zeng |
| 205 | @a2版 | |
| 210 | @a大连@c东北财经大学出版社@d2017.03 | |
| 215 | @a329页@d23cm | |
| 300 | @a21世纪高等院校电子商务教育系列教材 | |
| 330 | @a本书主要从电子商务运营模式的角度对电子商务不同发展阶段的中外典型的应用案例进行了介绍和分析。全书可分为B2B电子商务的案例、B2C电子商务的案例、C2C电子商务的案例、银行电子商务的案例、传媒电子商务的案例、第三方支付的案例、移动电子商务的案例等,并对一些典型的案例进行对比和分析。 | |
| 510 | 1 | @aE-Commerce case analysis@zeng |
| 606 | 0 | @a电子商务@x案例@x高等学校@j教材 |
| 606 | 0 | @a电子商务 |
| 690 | @aF713.36@v5 | |
| 701 | 0 | @a李洪心@9li hong xin@c(女,@f1956-)@4编著 |
| 701 | 0 | @a刘继山@Aliu ji shan@4编著 |
| 801 | 0 | @aCN@b91MARC@c20170905 |
| 905 | @aMuseLib@dF713.36@e1076=2 | |
| 电子商务案例分析=E-Commerce case analysis/李洪心,刘继山等编著.-2版.-大连:东北财经大学出版社,2017.03 |
| 329页;23cm |
| 21世纪高等院校电子商务教育系列教材 |
| ISBN 978-7-5654-2660-5:CNY42.00 |
| 本书主要从电子商务运营模式的角度对电子商务不同发展阶段的中外典型的应用案例进行了介绍和分析。全书可分为B2B电子商务的案例、B2C电子商务的案例、C2C电子商务的案例、银行电子商务的案例、传媒电子商务的案例、第三方支付的案例、移动电子商务的案例等,并对一些典型的案例进行对比和分析。 |
| ● |
| 相关链接 |
|
|
|
|
正题名:电子商务案例分析
索取号:F713.36/1076=2
 
预约/预借
| 序号 | 登录号 | 条形码 | 馆藏地/架位号 | 状态 | 备注 |
| 1 | 1121114 | 211211142 | 第一样本阅览室/ [索取号:F713.36/1076=2] | 在馆 | |
| 2 | 1121115 | 211211151 | 第一借阅区/ [索取号:F713.36/1076=2] | 在馆 | |
| 3 | 1121116 | 211211160 | 第一借阅区/ [索取号:F713.36/1076=2] | 在馆 | |
| 4 | 1121117 | 211211179 | 密集书库-数信学院/ [索取号:F713.36/1076=2] | 在馆 | |
| 5 | 1121118 | 211211188 | 第一借阅区/ [索取号:F713.36/1076=2] | 在馆 |